Zmena politického systému sa výrazne prejavila v demografickom vývoji SR. 1
Rozdiely v demografickom vývoji medzi západnou a východnou Európou po 2. svetovej vojne. Trvalý pokles plodnosti v SR, nepriaznivý vývoj úmrtnosti a ich príčiny. Štatistické údaje za roky 1960-1993: stredná dĺžka života pri narodení, hrubá miera pôrodnosti a úhrnná plodnosť v SR, porovnanie so zahra...
Salvato in:
| Autore principale: | |
|---|---|
| Natura: | Capitolo di libro |
| Lingua: | slovacco |
| Soggetti: | |
| Tags: |
Nessun Tag, puoi essere il primo ad aggiungerne!!
|
MARC
| LEADER | 00000naa a2200000 4500 | ||
|---|---|---|---|
| 001 | r022345 | ||
| 005 | 20230921075338.0 | ||
| 041 | 0 | |a slo | |
| 044 | |a SK | ||
| 245 | 1 | 0 | |a Zmena politického systému sa výrazne prejavila v demografickom vývoji SR. 1 |c B. Vaňo |
| 520 | |a Rozdiely v demografickom vývoji medzi západnou a východnou Európou po 2. svetovej vojne. Trvalý pokles plodnosti v SR, nepriaznivý vývoj úmrtnosti a ich príčiny. Štatistické údaje za roky 1960-1993: stredná dĺžka života pri narodení, hrubá miera pôrodnosti a úhrnná plodnosť v SR, porovnanie so zahraničím. | ||
| 610 | 2 | 0 | |a Slovensko |
| 610 | 2 | 0 | |a východná Európa |
| 610 | 2 | 0 | |a západná Európa |
| 610 | 2 | 0 | |a demografia |
| 610 | 2 | 0 | |a vývoj populačný |
| 610 | 2 | 0 | |a pôrodnosť |
| 610 | 2 | 0 | |a úmrtnosť |
| 610 | 2 | 0 | |a údaje štatistické |
| 610 | 2 | 0 | |a 1960-1993 |
| 100 | 1 | |a Vaňo, Boris | |